000 00590nam a2200193 a 4500
001 3493
005 20180713183423.0
008 140415s1989 000 0 spa d
020 _a9686037322
041 _aspa
082 _a657.45
_bMOC
100 1 _aMOCK, THEODORE J.
245 1 0 _aEVALUACION Y JUICIO DEL AUDITOR EN RELACION CON EL :
_bCONTROL INTERNO CONTABLE
260 _a[s.l.] :
_bINSTITUTO MEXICANO DE CONTADORES PUBLICOS,
_c1989
300 _a212
650 1 4 _aAUDITORIA
700 1 _aNAVARRETE DE RICOSSA, IVONNE
_etr.
700 1 _aTURNER, JERRY L.
_ecoaut.
999 _c3493
_d3493